000 00787nam a2200241 a 4500
001 000035739
005 20200930074556.0
008 111109s1975 sp 000 0 spa d
020 _a8401460085
040 _aDO-SdBNP
_bspa
_cBNPHU
082 _axxxx
_bP336
100 1 _aPauwels, Louis,
_d1920-
_961684
240 1 0 _aLa revolte des magiciens
245 1 3 _aLa rebelión de los brujos. /
_cL. Pauwels , J. Bergier ; traducción de J. Ferrer Aleu.
260 _aBarcelona :
_bPlaza & Janés,
_c1975.
300 _a250 p. ;
_c19 cm.
490 1 _aManantial
500 _aTraducido del inglés
590 _aPerteneció a la biblioteca personal de Juan Isidro Jimenes Grullón
700 1 _aBergier, J.
_961685
700 1 _aFerrer Aleu, J.
_etr.
_913598
830 0 _aManantial
_951843
999 _c35230
_d35230